Statistiche per Podi Pallone d'Oro

Clicka qui per fare il quiz!

Statistiche generali

  • Questo quiz è stato fatto 45 volte
  • Il punteggio medio è 121 su 200

Statistiche sulle risposte

AnnoPosizionePunti / VotiNazioneSquadraCalciatore% Corretto
2008446PortogalloManchester UnitedCristiano Ronaldo
100%
2017946PortogalloReal MadridCristiano Ronaldo
100%
277PortogalloManchester UnitedCristiano Ronaldo
100%
2016745PortogalloReal MadridCristiano Ronaldo
100%
233PortogalloManchester United / Real MadridCristiano Ronaldo
100%
476PortogalloJuventusCristiano Ronaldo
100%
201437,66 vPortogalloReal MadridCristiano Ronaldo
100%
21,60 %PortogalloReal MadridCristiano Ronaldo
100%
27,76 %PortogalloReal MadridCristiano Ronaldo
100%
476PortogalloReal Madrid / JuventusCristiano Ronaldo
100%
23,68 %PortogalloReal MadridCristiano Ronaldo
100%
201327,99 %PortogalloReal MadridCristiano Ronaldo
100%
2022549FranciaReal MadridKarim Benzema
100%
15,76 %ArgentinaBarcellonaLionel Messi
100%
201241,60 %ArgentinaBarcellonaLionel Messi
100%
24,72 %ArgentinaBarcellonaLionel Messi
100%
201147,88 %ArgentinaBarcellonaLionel Messi
100%
2009473ArgentinaBarcellonaLionel Messi
100%
281ArgentinaBarcellonaLionel Messi
100%
255ArgentinaBarcellonaLionel Messi
100%
20101ºº22,65 %ArgentinaBarcellonaLionel Messi
100%
201541,33 %ArgentinaBarcellonaLionel Messi
100%
2019686ArgentinaBarcellonaLionel Messi
100%
316ArgentinaBarcellonaLionel Messi
100%
670ArgentinaBarcellonaLionel Messi
100%
2021613ArgentinaBarcellona / Paris Saint-GermainLionel Messi
100%
2018753CroaziaReal MadridLuka Modrić
100%
580PoloniaBayern MonacoRobert Lewandowski
100%
143BrasilePSV / BarcellonaRonaldo
100%
2002169BrasileInter / Real MadridRonaldo
100%
1997222BrasileBarcellona / InterRonaldo
100%
66BrasileInterRonaldo
100%
85UcrainaMilanAndrij Ševčenko
97%
2004175UcrainaMilanAndrij Ševčenko
97%
64UcrainaDinamo Kiev / MilanAndrij Ševčenko
97%
2006179ItaliaJuventus / Real MadridFabio Cannavaro
97%
2007444BrasileMilanKakà
97%
7,86 %BrasileBarcellonaNeymar
97%
361BrasileBarcellona / Paris Saint-GermainNeymar
97%
10,91 %SpagnaBarcellonaAndrés Iniesta
95%
17,36 %SpagnaBarcellonaAndrés Iniesta
95%
141FranciaAtletico MadridAntoine Griezmann
95%
198FranciaAtletico MadridAntoine Griezmann
95%
124ItaliaJuventusGianluigi Buffon
95%
460Brasile / ItaliaChelseaJorginho
95%
175BelgioManchester CityKevin De Bruyne
95%
109ItaluaMilanPaolo Maldini
95%
123ItaliaMilanPaolo Maldini
95%
2003190Repubblica CecaJuventusPavel Nedvěd
95%
190SenegalLiverpoolSadio Mané
95%
9,23 %SpagnaBarcellonaXavi
95%
170SpagnaBarcellonaXavi
95%
16,48 %SpagnaBarcellonaXavi
95%
2005225BrasileBarcellonaRonaldinho
92%
133BrasileBarcellonaRonaldinho
92%
121FranciaArsenalThierry Henry
89%
128FranciaArsenalThierry Henry
89%
63FranciaJuventusZinédine Zidane
89%
1998244FranciaJuventusZinédine Zidane
89%
181FranciaJuventusZinédine Zidane
89%
23,36 %FranciaBayern MonacoFrank Ribéry
86%
65ItaliaCagliariGigi Riva
86%
79ItaliaCagliariGigi Riva
86%
679Paesi BassiLiverpoolVirgil van Dijk
86%
197077Germania OvestBayern MonacoGerd Müller
84%
44Germania OvestBayern MonacoGerd Müller
84%
79Germania OvestBayern MonacoGerd Müller
84%
38Germania OvestBayern MonacoGerd Müller
84%
2000197PortogalloBarcellona / Real MadridLuís Figo
84%
15,72 %GermaniaBayern MonacoManuel Neuer
84%
1988129Paesi BassiMilanMarco van Bastem
84%
199298Paesi BassiMilanMarco van Basten
84%
1989129Paesi BassiMilanMarco van Basten
84%
1999219BrasileBarcellonaRivaldo
84%
88Paesi BassiMilanRuud Gullit
84%
1987106Paesi BassiPSV / MilanRuud Gullit
84%
142InghilterraLiverpoolSteven Gerrard
84%
1993142ItaliaJuventusRoberto Baggio
81%
136ItaliaJuventusRoberto Baggio
81%
148InghilterraChelseaFrank Lampard
78%
1995144LiberiaParis Saint-Germain / MilanGeorge Weah
78%
1985127FranciaJuventusMichele Platini
76%
1984110FranciaJuventusMichel Platini
76%
70FranciaNancyMichel Platini
76%
1983110FranciaJuventusMichel Platini
76%
33FranciaSaint-ÉtienneMichel Platini
76%
196983ItaliaMilanGianni Rivera
73%
56ItaliaMilanGianni Rivera
73%
2001179InghilterraLiverpoolMichael Owen
73%
145BrasileReal MadridRoberto Carlos
73%
179SpagnaLiverpoolFernando Torres
70%
44Argentina / SpagnaReal MadridAlfredo Di Stéfano
68%
195980Argentina / SpagnaReal MadridAlfredo Di Stéfano
68%
195772Argentina / SpagnaReal MadridAlfredo Di Stéfano
68%
80PortogalloBenficaEusébio
68%
196567PortogalloBenficaEusébio
68%
53PortogalloBenficaEusébio
68%
37Ungheria / SpagnaReal MadridFerenc Puskás
68%
1982115ItaliaJuventusPaolo Rossi
68%
140SpagnaReal MadridRaúl
68%
1990137GermaniaInterLothar Matthäus
65%
42GermaniaInterLothar Matthäus
65%
139PortogalloPorto / BarcellonaDeco
62%
110GermaniaBayern MonacoOliver Kahn
62%
114GermaniaBayern MonacoOliver Kahn
62%
80ItaliaMilanFranco Baresi
59%
42Germania OvestBayern MonacoFranc Beckenbauer
57%
43Paesi BassiMilanFrank Rijkaard
57%
45Paesi BassiReal Saragozza / MilanFrank Rijkaard
57%
105Germania OvestBayern MonacoFranz Beckenbauer
57%
197691Germania OvestBayern MonacoFranz Beckenbauer
57%
197281Germania OvestBayern MonacoFranz Beckenbauer
57%
59Germania OvestBayern MonacoFranz Beckenbauer
57%
1971116Paesi BassiAjaxJohan Cruijff
57%
197396Paesi BassiAjax / BarcellonaJohan Cruijff
57%
27Paesi BassiBarcellonaJohan Cruijff
57%
1974116Paesi BassiBarcellonaJohan Cruijff
57%
196373Unione SovieticaDinamo MoscaLev Jašin
57%
40SpagnaBarcellona / InterLuis Suárez
57%
45SpagnaInterLuis Suárez
57%
196054SpagnaBarcellonaLuis Suárez
57%
43SpagnaInterLuis Suárez
57%
34FranciaManchester UnitedÉric Cantona
54%
154InghilterraManchester UnitedDavid Beckham
51%
196861Irlanda del NordManchester UnitedGeorge Best
51%
56Irlanda del NordManchester UnitedGeorge Best
51%
1991141FranciaOlympique MarsigliaJean-Pierre Papin
51%
196146Argentina / ItaliaJuventusOmar Sivori
51%
107InghilterraBlackburn / Newcastle UtdAlan Shearer
49%
1994210BulgariaBarcellonaHristo Stoičkov
49%
80BulgariaBarcellonaHristo Stoičkov
49%
67FinlandiaAjaxJari Litmanen
49%
1996144GermaniaBorussia DortmundMatthias Sammer
49%
68CroaziaReal MadridDavor Šuker
43%
47ItalaJuventusDino Zoff
43%
53Paesi BassiAjaxDennis Bergkamp
41%
86Paesi BassiAjax / InterDennis Bergkamp
41%
1980122Germania OvestBayern MonacoKarl-Heinze Rummenigge
41%
1981106Germania OvestBayern MonacoKarl-Heinze Rummenigge
41%
52Germania OvestBayern MonacoKarl-Heinze Rummenigge
41%
68Germania Ovest / GermaniaInterAndreas Brehme
38%
196681InghilterraManchester UnitedBobby Charlton
38%
40InghilterraManchester UnitedBobby Charlton
38%
53InghilterraManchester UnitedBobby Charlton
38%
59SpagnaReal MadridEmilio Butragueño
35%
61SpagnaReal MadridEmilio Butragueño
35%
57ItaliaInterSandro Mazzola
35%
39PoloniaWidzew Łódź / JuventusZbigniew Boniek
35%
42JugoslaviaStella Rossa BelgradoDejan Savićević
32%
68JugoslaviaReal MadridPredrag Mijatović
30%
84ItaliaJuventusSalvatore Schillaci
30%
59ItaliaInterGiacinto Facchetti
27%
33FranciaStade Reims / Real MadridRaymond Kopa
27%
16FranciaReal MadridRaymond Kopa
27%
42FranciaReal Madrid / Stade ReimsRaymond Kopa
27%
195871FranciaReal MadridRaymond Kopa
27%
62InghilterraEverton / BarcellonaGary Lineker
24%
108GermaniaTottenham / Bayern MonacoJürgen Klinsmann
24%
71InghilterraLiverpool / AmburgoKevin Keegan
24%
197887InghilterraAmburgoKevin Keegan
24%
1979118InghilterraAmburgoKevin Keegan
24%
70InghilterraWest Ham UtdBobby Moore
22%
23FranciaStade ReimsJust Fontaine
22%
195647InghilterraBlackppolStanley Matthews
22%
42JugoslaviaStella Rossa BelgradoDarko Pančev
19%
196768UngheriaFerencvárosFlórián Albert
19%
198684Unione SovieticaDinamo KievIgor Belanov
19%
24GallesJuventusJohn Charles
19%
64Germania OvestBayern MonacoPaul Breitner
16%
91PortogalloPorto / Atletico MadridPaulo Futre
16%
71DanimarcaHellas VeronaPreben Elkjær
16%
448DanimarcaLokeren / Hellas VeronaPreben Elkjær
16%
25DanimarcaVejleAllan Simonsen
14%
197774DanimarcaBorussia MönchengladbachAllan Simonsen
14%
196461ScoziaManchester UnitedDenis Law
14%
34Germania OvestColonia / BarcellonaBarnd Schuster
11%
39Germania OvestBarcellonaBernd Schuster
11%
46Germania OvestBarcellonaBernd Schuster
11%
57FranciaBordeauxJean Tigana
11%
196265CecoslovacchiaDukla PragaJosef Masopust
11%
33Germania OvestColoniaKarl-Heinz Schnellinger
11%
26ScoziaLiverpoolKenny Dalglish
11%
33Germania OvestAmburgoUwe Seeler
11%
81AustriaBarcellonaHans Krankl
8%
1975122Unione SovieticaDinamo KievOleh Blochin
8%
64FranciaBordeauxAlain Giresse
5%
19InghilterraWolverhamptonBilly Wright
5%
79Germania OvestBorussia MönchengladbachGünter Netzer
5%
41Paesi BassiAjaxRuud Krol
5%
38SpagnaReal MadridAmancio
3%
46JugoslaviaStella Rossa BelgradoDragan Džajić
3%
16InghilterraManchester UnitedDuncan Edward
3%
40Germania OvestRot-Weiss EssenHelmut Rahn
3%
52CecoslovacchiaDukla PragaIvo Viktor
3%
51InghilterraTottenhamJimmy Greaves
3%
39ScoziaCelticJimmy Johnstone
3%
22InghilterraFulhamJohnny Haynes
3%
35PoloniaLegia VarsaviaKazimierz Deyna
3%
50Paesi BassiAnderlechtRob Rensenbrink
3%
75Paesi BassiAnderlechtRob Rensenbrink
3%

Distribuzione punteggi

Percentile per numero di risposta

Percentuale di utenti per punteggio

I tuoi punteggi nel tempo

Non hai fatto questo quiz